[Event "Titled Tuesday intern op 06th May Early"]
[Site "Chess.com INT"]
[Date "2025.05.06"]
[Round "3"]
[White "Mateus, Martha"]
[Black "Mikhailovsky, Vladimir"]
[Result "0-1"]
[WhiteElo "1963"]
[BlackElo "2215"]
[PlyCount "54"]
[EventDate "2025.05.06"]
[EventType "swiss (blitz)"]
[EventRounds "11"]
[EventCountry "USA"]
[SourceTitle "CB20_2025"]
[SourceDate "2025.05.14"]
[SourceVersion "1"]
[SourceVersionDate "2025.05.14"]
[SourceQuality "1"]

1. d4 Nf6 2. c4 e6 3. Nc3 Bb4 4. f3 c5 5. d5 b5 6. e4 d6 7. Nge2 bxc4 8. Ng3 exd5 9. exd5 0-0 10. Bxc4 Nbd7 11. 0-0 Nb6 12. Bd3 Bxc3 13. bxc3 Nbxd5 14. Ne4 Nxe4 15. Bxe4 Nxc3 16. Bxh7+ Kxh7 17. Qd3+ Kg8 18. Qxc3 Be6 19. Bb2 f6 20. Rad1 Rc8 21. f4 d5 22. f5 d4 23. Qa3 Bc4 24. Rfe1 Rf7 25. Qa4 Qd5 26. Re8+ Rxe8 27. Qxe8+ Rf8 0-1

[Event "Titled Tuesday intern op 06th May Early"]
[Site "Chess.com INT"]
[Date "2025.05.06"]
[Round "10"]
[White "Mikhailovsky, Vladimir"]
[Black "Palczert, Matyas"]
[Result "1-0"]
[WhiteElo "2215"]
[BlackElo "2404"]
[PlyCount "65"]
[EventDate "2025.05.06"]
[EventType "swiss (blitz)"]
[EventRounds "11"]
[EventCountry "USA"]
[SourceTitle "CB20_2025"]
[SourceDate "2025.05.14"]
[SourceVersion "1"]
[SourceVersionDate "2025.05.14"]
[SourceQuality "1"]

1. e4 e5 2. Nf3 Nc6 3. Nc3 Nf6 4. d4 exd4 5. Nxd4 Bb4 6. Nxc6 bxc6 7. Bd3 d5 8. exd5 0-0 9. 0-0 cxd5 10. h3 h6 11. Qf3 c6 12. Bf4 Bd6 13. Rfe1 Rb8 14. b3 Rb4 15. Ne2 Bxf4 16. Nxf4 Qd6 17. c4 Rb8 18. Rad1 Bb7 19. Nh5 Nxh5 20. Qxh5 Rbe8 21. Qf5 g6 22. Qf3 Qb4 23. Re3 d4 24. Rxe8 Rxe8 25. Qf6 Qc5 26. Bxg6 fxg6 27. Qxg6+ Kf8 28. Qf6+ Kg8 29. Rd3 Re1+ 30. Kh2 Re5 31. f4 Re3 32. Rxd4 Re8 33. Rd7 1-0

[Event "Titled Tuesday intern op 06th May Early"]
[Site "Chess.com INT"]
[Date "2025.05.06"]
[Round "7"]
[White "Pranav, V."]
[Black "Mikhailovsky, Vladimir"]
[Result "0-1"]
[WhiteElo "2621"]
[BlackElo "2215"]
[PlyCount "60"]
[EventDate "2025.05.06"]
[EventType "swiss (blitz)"]
[EventRounds "11"]
[EventCountry "USA"]
[SourceTitle "CB20_2025"]
[SourceDate "2025.05.14"]
[SourceVersion "1"]
[SourceVersionDate "2025.05.14"]
[SourceQuality "1"]

1. e4 c5 2. Nf3 e6 3. c3 d5 4. exd5 Qxd5 5. d4 Nf6 6. Na3 a6 7. Nc4 Nbd7 8. Be2 b5 9. Ne3 Qc6 10. 0-0 Bb7 11. a4 Be7 12. axb5 axb5 13. Rxa8+ Bxa8 14. dxc5 Qxc5 15. Nd4 b4 16. Qa4 0-0 17. Nb3 Qb6 18. Nc4 Qc6 19. Qxc6 Bxc6 20. Nd4 Ba8 21. cxb4 Bxb4 22. Bf4 Rc8 23. Nf3 Bd5 24. Ne3 Bb7 25. h3 h6 26. Rd1 Nd5 27. Nxd5 Bxd5 28. Bb5 Nf6 29. Ne5 Rc2 30. Be8 Nxe8 0-1

[Event "Titled Tuesday intern op 04th Mar Early"]
[Site "Chess.com INT"]
[Date "2025.03.04"]
[Round "2"]
[White "Khademi, Mohammad Miran"]
[Black "Mikhailovsky, Vladimir"]
[Result "0-1"]
[WhiteElo "2138"]
[BlackElo "2215"]
[PlyCount "86"]
[EventDate "2025.03.04"]
[EventType "swiss (blitz)"]
[EventRounds "11"]
[EventCountry "USA"]
[SourceTitle "CB11_2025"]
[SourceDate "2025.03.12"]
[SourceVersion "1"]
[SourceVersionDate "2025.03.12"]
[SourceQuality "1"]

1. g3 h5 2. Nf3 Nc6 3. d4 d6 4. e4 g6 5. c3 Bg7 6. Bg2 e5 7. Bg5 Bf6 8. Be3 h4 9. Nxh4 Bxh4 10. gxh4 Qxh4 11. Nd2 Nf6 12. h3 Nh5 13. d5 Ne7 14. Qa4+ Bd7 15. Qb3 b6 16. 0-0-0 Nf4 17. Bf1 a6 18. Qc4 Kd8 19. Nf3 Qf6 20. Nxe5 Qxe5 21. Bd4 Qh5 22. Bxh8 Qxh8 23. h4 Qe5 24. f3 b5 25. Qe2 Nxe2+ 26. Bxe2 Qf4+ 27. Kb1 c6 28. h5 gxh5 29. Rxh5 cxd5 30. Rh8+ Be8 31. exd5 Ng6 32. Rg8 Kc7 33. Bd3 Rd8 34. Rg7 Qxf3 35. Bc2 Ne5 36. Rgg1 Bd7 37. Rgf1 Qe3 38. Rfe1 Qf2 39. Re4 Rg8 40. a4 Rg2 41. Rc1 Nd3 42. axb5 Nxc1 43. Rc4+ Kb6 0-1

[Event "Titled Tuesday intern op 04th Feb Early"]
[Site "Chess.com INT"]
[Date "2025.02.04"]
[Round "4"]
[White "Kamalidenova, Meruert"]
[Black "Mikhailovsky, Vladimir"]
[Result "0-1"]
[WhiteElo "2355"]
[BlackElo "2215"]
[PlyCount "144"]
[EventDate "2025.02.04"]
[EventType "swiss (blitz)"]
[EventRounds "11"]
[EventCountry "USA"]
[SourceTitle "CB07_2025"]
[SourceDate "2025.02.12"]
[SourceVersion "1"]
[SourceVersionDate "2025.02.12"]
[SourceQuality "1"]

1. e4 c5 2. c3 d5 3. exd5 Qxd5 4. d4 Nf6 5. Nf3 e6 6. Be3 cxd4 7. cxd4 Bb4+ 8. Nc3 Qa5 9. Qc2 Nc6 10. Bd3 0-0 11. 0-0 Bd7 12. a3 Bd6 13. b4 Qh5 14. h3 Rac8 15. Rac1 Nd5 16. Qd2 Ncxb4 17. Be2 Nxc3 18. Rxc3 Rxc3 19. Ne5 Qf5 20. Nxd7 Rc2 21. Qd1 Rxe2 22. Qxe2 Rd8 23. axb4 Rxd7 24. Rc1 Rc7 25. Rxc7 Bxc7 26. g4 Qd5 27. b5 Qd7 28. Qc4 h6 29. Kf1 Bb6 30. Ke2 Qd5 31. Qc8+ Kh7 32. Qc2+ f5 33. gxf5 Qxb5+ 34. Kd2 Qxf5 35. Qb3 Ba5+ 36. Ke2 Bb6 37. Qa4 Qxh3 38. Qd7 Qg4+ 39. Kd2 Qe4 40. f3 Qd5 41. Qa4 e5 42. Qc2+ Kg8 43. Qc8+ Kh7 44. Qf5+ g6 45. Qh3 h5 46. Qh4 Bc5 47. Qg5 Bb4+ 48. Ke2 Qc4+ 49. Kf2 exd4 50. Qh6+ Kg8 51. Qxg6+ Kf8 52. Bh6+ Ke7 53. Qg7+ Ke8 54. Qxb7 Bc5 55. Qc8+ Kf7 56. Qd7+ Kg6 57. Qc6+ Kf5 58. Qe4+ Kf6 59. Qf4+ Ke6 60. Qe4+ Kd7 61. Qb7+ Ke6 62. Qe4+ Kf7 63. Qf5+ Ke7 64. Bg5+ Kd6 65. Bf4+ Kc6 66. Qc8+ Kb5 67. Qb7+ Bb6 68. Qd7+ Qc6 69. Qf5+ Kc4 70. Qc2+ Kb5 71. Qd3+ Qc4 72. Qf5+ Ka4 0-1

[Event "Titled Tuesday intern op 04th Feb Early"]
[Site "Chess.com INT"]
[Date "2025.02.04"]
[Round "3"]
[White "Mikhailovsky, Vladimir"]
[Black "Nouali, Mohamed"]
[Result "1-0"]
[WhiteElo "2215"]
[BlackElo "2157"]
[PlyCount "77"]
[EventDate "2025.02.04"]
[EventType "swiss (blitz)"]
[EventRounds "11"]
[EventCountry "USA"]
[SourceTitle "CB07_2025"]
[SourceDate "2025.02.12"]
[SourceVersion "1"]
[SourceVersionDate "2025.02.12"]
[SourceQuality "1"]

1. e4 c5 2. c3 Nf6 3. e5 Nd5 4. Nf3 Nc6 5. Bc4 e6 6. 0-0 Be7 7. d4 cxd4 8. cxd4 0-0 9. Qe2 Nb6 10. Bd3 f5 11. Nc3 Nb4 12. Bb1 a6 13. Rd1 N4d5 14. a3 g5 15. Ba2 g4 16. Ne1 h5 17. Nd3 Bg5 18. Nxd5 Nxd5 19. Bxd5 exd5 20. Bf4 b6 21. Qe3 Be7 22. Rac1 a5 23. Bh6 Rf7 24. Nf4 Bb7 25. Nxh5 Rh7 26. Ng3 Rf7 27. Qf4 Bf8 28. Bg5 Qe8 29. Nxf5 Qe6 30. Bf6 Rh7 31. Qxg4+ Kf7 32. Rc7 Bc6 33. h4 Ke8 34. Rc1 Rf7 35. Qg6 b5 36. h5 b4 37. a4 b3 38. h6 Bxh6 39. Nxh6 1-0

[Event "Titled Tuesday intern op 28th Jan Early"]
[Site "Chess.com INT"]
[Date "2025.01.28"]
[Round "6"]
[White "Hayrapetyan, Edgar"]
[Black "Mikhailovsky, Vladimir"]
[Result "0-1"]
[WhiteElo "2137"]
[BlackElo "2215"]
[PlyCount "142"]
[EventDate "2025.01.28"]
[EventType "swiss (blitz)"]
[EventRounds "11"]
[EventCountry "USA"]
[SourceTitle "CB06_2025"]
[SourceDate "2025.02.05"]
[SourceVersion "1"]
[SourceVersionDate "2025.02.05"]
[SourceQuality "1"]

1. e4 c5 2. Nc3 e6 3. Nf3 a6 4. g3 b5 5. d4 cxd4 6. Nxd4 Bb7 7. Bg2 Nc6 8. 0-0 Nxd4 9. Qxd4 Ne7 10. Bg5 Nc6 11. Qd2 Be7 12. Bxe7 Qxe7 13. Rad1 Ne5 14. Qd4 f6 15. f4 Nc6 16. Qb6 Rb8 17. Kh1 Bc8 18. Qf2 0-0 19. Qd2 Rd8 20. Qd6 Qxd6 21. Rxd6 Kf8 22. e5 Ke7 23. Bxc6 dxc6 24. Rxd8 Kxd8 25. Ne4 f5 26. Rd1+ Kc7 27. Nc5 b4 28. Rd6 Rb5 29. Nxe6+ Bxe6 30. Rxe6 Rc5 31. c3 bxc3 32. bxc3 Rxc3 33. Re7+ Kd8 34. Rxg7 c5 35. Rxh7 a5 36. Rh6 Kc7 37. Kg2 Rc2+ 38. Kf3 Rxa2 39. Ke3 a4 40. Kd3 a3 41. Kc3 Re2 42. Ra6 a2 43. Kb3 Rxh2 44. Rxa2 Rh3 45. Rg2 Kc6 46. Kc4 Rh1 47. Rd2 Rc1+ 48. Kb3 Rg1 49. Rd3 Kb5 50. Kc3 Rc1+ 51. Kd2 Rg1 52. e6 Rg2+ 53. Ke1 c4 54. Rd2 Rxg3 55. e7 c3 56. Rd5+ Kc4 57. Rd8 Re3+ 58. Kd1 Rxe7 59. Kc2 Re2+ 60. Kc1 Rf2 61. Rc8+ Kd3 62. Rf8 Rxf4 63. Rd8+ Rd4 64. Rf8 f4 65. Rh8 Ke2 66. Rf8 f3 67. Re8+ Kd3 68. Rf8 Ke3 69. Re8+ Re4 70. Rf8 f2 71. Kd1 Rf4 0-1

[Event "Titled Tuesday intern op 28th Jan Early"]
[Site "Chess.com INT"]
[Date "2025.01.28"]
[Round "5"]
[White "Mikhailovsky, Vladimir"]
[Black "Kollars, Dmitrij"]
[Result "0-1"]
[WhiteElo "2215"]
[BlackElo "2642"]
[PlyCount "122"]
[EventDate "2025.01.28"]
[EventType "swiss (blitz)"]
[EventRounds "11"]
[EventCountry "USA"]
[SourceTitle "CB06_2025"]
[SourceDate "2025.02.05"]
[SourceVersion "1"]
[SourceVersionDate "2025.02.05"]
[SourceQuality "1"]

1. e4 e5 2. Nf3 Nc6 3. Nc3 Nf6 4. d4 exd4 5. Nxd4 Bb4 6. Nxc6 bxc6 7. Bd3 0-0 8. 0-0 d5 9. exd5 cxd5 10. h3 Re8 11. Qf3 c6 12. Bf4 Nd7 13. Ne2 Nc5 14. Nd4 Nxd3 15. cxd3 Qf6 16. Be3 Qg6 17. Rac1 Bd7 18. a3 Bf8 19. Rfd1 c5 20. Ne2 d4 21. Nf4 Qb6 22. Nd5 Qe6 23. Nc7 Qg6 24. Bf4 Ba4 25. Rd2 Bc6 26. Qg3 Qf6 27. Nxa8 Bxa8 28. Rdd1 Qe6 29. Re1 Qxe1+ 30. Rxe1 Rxe1+ 31. Kh2 Re6 32. Qg5 Rg6 33. Qd8 Rxg2+ 34. Kh1 Bf3 35. Bd6 Rg6+ 36. Kh2 Rg2+ 37. Kh1 Rg6+ 38. Kh2 Rxd6 39. Qc8 Rg6 40. Qf5 Rg2+ 41. Kh1 Rxf2+ 42. Kg1 Rg2+ 43. Kf1 Bc6 44. Qc8 Rg6 45. b4 cxb4 46. axb4 h5 47. Qc7 a6 48. Qc8 Bb5 49. Ke2 Re6+ 50. Kd2 Re3 51. Qf5 Rxd3+ 52. Kc2 Rc3+ 53. Kb2 g6 54. Qf6 Rc6 55. Qd8 d3 56. h4 Rc2+ 57. Ka3 Rg2 58. Qd4 Rg4 59. Qd8 Rxb4 60. Ka2 Rc4 61. Qd6 Bxd6 0-1

[Event "Titled Tuesday intern op 28th Jan Early"]
[Site "Chess.com INT"]
[Date "2025.01.28"]
[Round "9"]
[White "Mikhailovsky, Vladimir"]
[Black "Oparin, Grigoriy"]
[Result "0-1"]
[WhiteElo "2215"]
[BlackElo "2660"]
[PlyCount "94"]
[EventDate "2025.01.28"]
[EventType "swiss (blitz)"]
[EventRounds "11"]
[EventCountry "USA"]
[SourceTitle "CB06_2025"]
[SourceDate "2025.02.05"]
[SourceVersion "1"]
[SourceVersionDate "2025.02.05"]
[SourceQuality "1"]

1. e4 c5 2. Nf3 e6 3. d4 cxd4 4. Nxd4 Nc6 5. Nc3 Bc5 6. Nb3 Bb4 7. Bd3 Nf6 8. 0-0 0-0 9. Bg5 h6 10. Bh4 Bxc3 11. bxc3 e5 12. Qf3 g5 13. Bg3 d6 14. c4 b6 15. Qe2 Be6 16. Rad1 Qe7 17. f3 Nh5 18. Bf2 Nf4 19. Qd2 Rad8 20. Be3 f6 21. g3 Ng6 22. Nc1 Na5 23. Qb4 Rc8 24. Ne2 Nxc4 25. Bxc4 Bxc4 26. Rf2 Rc6 27. Nc3 Nh8 28. Rfd2 Nf7 29. Nb5 Bxb5 30. Qxb5 Rfc8 31. Qb3 Kg7 32. Kf2 Rc3 33. Qa4 R8c4 34. Qa6 Rxc2 35. a4 Qc7 36. a5 bxa5 37. Bxa7 Rxd2+ 38. Rxd2 a4 39. Be3 Qc6 40. Qa7 Rc2 41. Ke2 Qc4+ 42. Kf2 Qd3 43. Rxc2 Qxc2+ 44. Ke1 Qb3 45. Bb6 a3 46. Bd8 a2 47. Qe7 a1Q+ 0-1

[Event "Titled Tuesday intern op 28th Jan Early"]
[Site "Chess.com INT"]
[Date "2025.01.28"]
[Round "7"]
[White "Mikhailovsky, Vladimir"]
[Black "Sokhor, Nazar"]
[Result "1/2-1/2"]
[WhiteElo "2215"]
[BlackElo "2265"]
[PlyCount "84"]
[EventDate "2025.01.28"]
[EventType "swiss (blitz)"]
[EventRounds "11"]
[EventCountry "USA"]
[SourceTitle "CB06_2025"]
[SourceDate "2025.02.05"]
[SourceVersion "1"]
[SourceVersionDate "2025.02.05"]
[SourceQuality "1"]

1. e4 e5 2. Nf3 Nc6 3. Bc4 Nf6 4. d3 Be7 5. 0-0 0-0 6. Re1 d6 7. h3 Na5 8. Nbd2 c6 9. a3 Nxc4 10. Nxc4 Be6 11. Ne3 h6 12. Nf5 Bxf5 13. exf5 Qd7 14. g4 Rae8 15. b3 Nd5 16. c4 Nf4 17. Bxf4 exf4 18. Ra2 g6 19. fxg6 fxg6 20. Rae2 Bf6 21. d4 h5 22. gxh5 Rxe2 23. Qxe2 Qxh3 24. Qe6+ Qxe6 25. Rxe6 Kf7 26. Rxd6 gxh5 27. Rd7+ Ke6 28. Rxb7 Rd8 29. Rc7 Bxd4 30. Rxc6+ Kf5 31. Nxd4+ Rxd4 32. Kg2 Rd3 33. b4 Rxa3 34. b5 h4 35. f3 h3+ 36. Kxh3 Rxf3+ 37. Kg2 Rc3 38. Kf2 Ke4 39. c5 Kd5 40. Ra6 Kxc5 41. Rxa7 Kxb5 42. Rf7 Rc4 1/2-1/2

[Event "Titled Tuesday intern op 28th Jan Early"]
[Site "Chess.com INT"]
[Date "2025.01.28"]
[Round "2"]
[White "Mikhailovsky, Vladimir"]
[Black "Toczek, Grzegorz"]
[Result "1-0"]
[WhiteElo "2215"]
[BlackElo "2239"]
[PlyCount "103"]
[EventDate "2025.01.28"]
[EventType "swiss (blitz)"]
[EventRounds "11"]
[EventCountry "USA"]
[SourceTitle "CB06_2025"]
[SourceDate "2025.02.05"]
[SourceVersion "1"]
[SourceVersionDate "2025.02.05"]
[SourceQuality "1"]

1. Nf3 Nf6 2. g3 e6 3. Bg2 Be7 4. 0-0 0-0 5. c4 d5 6. b3 c6 7. Bb2 Nbd7 8. e3 b5 9. Qe2 bxc4 10. bxc4 Rb8 11. d3 Ba6 12. Nc3 Qa5 13. Nd4 Rfc8 14. Nb3 Qc7 15. cxd5 cxd5 16. Rfc1 Qb7 17. Rc2 Nc5 18. Nxc5 Rxc5 19. Rac1 Rbc8 20. Na4 Rxc2 21. Rxc2 Rxc2 22. Qxc2 Nd7 23. h4 Bf6 24. Bxf6 gxf6 25. d4 Qb5 26. Nc5 Nxc5 27. dxc5 f5 28. c6 Bc8 29. Bf1 Qb6 30. Qc3 Qc7 31. Bb5 e5 32. Qc5 Be6 33. h5 h6 34. Ba4 Kg7 35. Qb5 f4 36. exf4 exf4 37. Qb2+ Kf8 38. Qh8+ Ke7 39. Qxh6 fxg3 40. Qg5+ Ke8 41. Qg8+ Ke7 42. Qg5+ Ke8 43. Qxg3 Kd8 44. Qxc7+ Kxc7 45. Bc2 f5 46. h6 Bg8 47. Bxf5 Kxc6 48. h7 Bxh7 49. Bxh7 d4 50. Kf1 Kd5 51. Ke2 Kc4 52. Kd2 1-0

[Event "Titled Tuesday intern op 14th Jan Early"]
[Site "Chess.com INT"]
[Date "2025.01.14"]
[Round "8"]
[White "Mikhailovsky, Vladimir"]
[Black "Ambartsumova, Karina"]
[Result "1-0"]
[WhiteElo "2215"]
[BlackElo "2405"]
[PlyCount "95"]
[EventDate "2025.01.14"]
[EventType "swiss (blitz)"]
[EventRounds "11"]
[EventCountry "USA"]
[SourceTitle "CB04_2025"]
[SourceDate "2025.01.22"]
[SourceVersion "1"]
[SourceVersionDate "2025.01.22"]
[SourceQuality "1"]

1. e4 c5 2. Nf3 a6 3. c3 d5 4. exd5 Qxd5 5. d4 Nf6 6. Be2 Bg4 7. dxc5 Qxc5 8. Be3 Qc7 9. Nbd2 Nbd7 10. h3 Bh5 11. 0-0 e6 12. Nd4 Bxe2 13. Qxe2 Be7 14. N2f3 0-0 15. Bg5 h6 16. Bh4 Nc5 17. Rfe1 Rfe8 18. Rad1 Nce4 19. Nd2 Nxd2 20. Rxd2 Rad8 21. Red1 Nd5 22. Bg3 Qc8 23. Qf3 Bf6 24. Nf5 Bg5 25. Rd3 exf5 26. Rxd5 Rxd5 27. Rxd5 g6 28. h4 Bf6 29. h5 Rd8 30. hxg6 fxg6 31. Rxd8+ Bxd8 32. Qd5+ Kg7 33. c4 Bf6 34. b4 Qc6 35. Qd3 h5 36. b5 Qe6 37. Bf4 axb5 38. cxb5 Qxa2 39. Qd7+ Qf7 40. Qc8 g5 41. Bc7 Qc4 42. Qxb7 Kg6 43. b6 Qc1+ 44. Kh2 f4 45. Qe4+ Kf7 46. Qd5+ Kg6 47. Qg8+ Kf5 48. Qc8+ 1-0

[Event "Titled Tuesday intern op 14th Jan Early"]
[Site "Chess.com INT"]
[Date "2025.01.14"]
[Round "10"]
[White "Mikhailovsky, Vladimir"]
[Black "Cori Quispe, Kevin Joel"]
[Result "1-0"]
[WhiteElo "2215"]
[BlackElo "2464"]
[PlyCount "65"]
[EventDate "2025.01.14"]
[EventType "swiss (blitz)"]
[EventRounds "11"]
[EventCountry "USA"]
[SourceTitle "CB04_2025"]
[SourceDate "2025.01.22"]
[SourceVersion "1"]
[SourceVersionDate "2025.01.22"]
[SourceQuality "1"]

1. e4 c5 2. Nf3 g6 3. d4 cxd4 4. Qxd4 Nf6 5. Nc3 Nc6 6. Qa4 d6 7. e5 dxe5 8. Nxe5 Bg7 9. Bb5 0-0 10. Nxc6 bxc6 11. Bxc6 Rb8 12. 0-0 Be6 13. Qxa7 Ng4 14. h3 Ne5 15. Ba4 Ra8 16. Qb7 Qd4 17. Bb3 Bxb3 18. cxb3 Qh4 19. Rd1 e6 20. Be3 f5 21. f4 Bh6 22. Re1 Nf7 23. Qf3 e5 24. fxe5 f4 25. Bf2 Qe7 26. e6 Ng5 27. Qg4 f3 28. h4 Rf4 29. Qg3 Raf8 30. hxg5 fxg2 31. Nd5 Rxf2 32. Nxe7+ Kh8 33. gxh6 1-0

[Event "Titled Tuesday intern op 14th Jan Early"]
[Site "Chess.com INT"]
[Date "2025.01.14"]
[Round "3"]
[White "Mikhailovsky, Vladimir"]
[Black "Goldin, Alexander"]
[Result "1-0"]
[WhiteElo "2215"]
[BlackElo "2542"]
[PlyCount "107"]
[EventDate "2025.01.14"]
[EventType "swiss (blitz)"]
[EventRounds "11"]
[EventCountry "USA"]
[SourceTitle "CB04_2025"]
[SourceDate "2025.01.22"]
[SourceVersion "1"]
[SourceVersionDate "2025.01.22"]
[SourceQuality "1"]

1. e4 e5 2. Nf3 Nc6 3. Nc3 Nf6 4. d4 exd4 5. Nxd4 Bb4 6. Nxc6 bxc6 7. Bd3 d6 8. 0-0 0-0 9. h3 h6 10. Qf3 Re8 11. Bf4 Nd7 12. Ne2 Qf6 13. c3 Bc5 14. Qg3 Ne5 15. Bc2 Ba6 16. Rfe1 Rab8 17. b3 Ng6 18. Bd2 d5 19. Nd4 Bd6 20. Qg4 Ne5 21. Qf5 Qxf5 22. Nxf5 Bc5 23. Be3 Bb6 24. Rad1 Rbd8 25. Bf4 Ng6 26. Bg3 Ba5 27. Re3 Bb6 28. Ree1 Ba5 29. b4 Bb6 30. a4 dxe4 31. a5 Rd5 32. Rxd5 cxd5 33. axb6 cxb6 34. Ra1 Bd3 35. Bxd3 exd3 36. Rd1 Re2 37. Rxd3 Rc2 38. b5 Nf8 39. Rxd5 Ne6 40. Rd7 Rxc3 41. Rxa7 Rb3 42. Nd6 f6 43. Rb7 Nd4 44. Rxb6 Ne2+ 45. Kh2 h5 46. h4 Kh7 47. Rb7 Kg6 48. Ne4 Nd4 49. Nc5 Rb4 50. b6 Nf5 51. Ne6 Rb5 52. Rb8 Ne7 53. b7 Nc6 54. Rc8 1-0

[Event "Titled Tuesday intern op 14th Jan Early"]
[Site "Chess.com INT"]
[Date "2025.01.14"]
[Round "7"]
[White "Szustakowski, Antoni"]
[Black "Mikhailovsky, Vladimir"]
[Result "1-0"]
[WhiteElo "2356"]
[BlackElo "2215"]
[PlyCount "107"]
[EventDate "2025.01.14"]
[EventType "swiss (blitz)"]
[EventRounds "11"]
[EventCountry "USA"]
[SourceTitle "CB04_2025"]
[SourceDate "2025.01.22"]
[SourceVersion "1"]
[SourceVersionDate "2025.01.22"]
[SourceQuality "1"]

1. Nf3 d5 2. g3 Nd7 3. d4 Nb6 4. b3 Bf5 5. Nh4 e6 6. Nxf5 exf5 7. Bg2 Nf6 8. 0-0 c6 9. Nd2 Ne4 10. Bb2 Bb4 11. Nf3 0-0 12. Qd3 Re8 13. c4 Bf8 14. Rac1 a5 15. cxd5 Nxd5 16. a3 g6 17. Ne5 f6 18. Nc4 a4 19. b4 Qe7 20. e3 Qf7 21. Nd2 Nxd2 22. Qxd2 h5 23. h4 Bh6 24. Qd3 Re7 25. b5 Re6 26. bxc6 bxc6 27. Rc5 Bf8 28. Rc4 Rb8 29. Ba1 Rb3 30. Qc2 Rxa3 31. Rxc6 Nb4 32. Qc1 Nxc6 33. Bxc6 Re7 34. Qxa3 Rc7 35. Qxa4 Qe6 36. Bf3 g5 37. Qa5 Qd6 38. Qd5+ Qxd5 39. Bxd5+ Kg7 40. Bf3 Kg6 41. d5 g4 42. Bg2 Bd6 43. Bd4 Rc2 44. Rb1 Be5 45. Bxe5 fxe5 46. d6 Rd2 47. Rb6 f4 48. exf4 exf4 49. Be4+ Kf6 50. gxf4 Rd4 51. d7+ Ke7 52. Bc6 Rd6 53. Rb8 g3 54. Re8+ 1-0

[Event "Titled Tuesday intern op 14th Jan Early"]
[Site "Chess.com INT"]
[Date "2025.01.14"]
[Round "4"]
[White "Tran, Vo Quoc Bao"]
[Black "Mikhailovsky, Vladimir"]
[Result "0-1"]
[WhiteElo "2029"]
[BlackElo "2215"]
[PlyCount "86"]
[EventDate "2025.01.14"]
[EventType "swiss (blitz)"]
[EventRounds "11"]
[EventCountry "USA"]
[SourceTitle "CB04_2025"]
[SourceDate "2025.01.22"]
[SourceVersion "1"]
[SourceVersionDate "2025.01.22"]
[SourceQuality "1"]

1. e4 e5 2. Nf3 d5 3. exd5 e4 4. Qe2 Nf6 5. Nc3 Be7 6. Nxe4 0-0 7. Nxf6+ Bxf6 8. Qd1 Qxd5 9. Be2 c5 10. 0-0 Nc6 11. d3 b6 12. c3 Bb7 13. Bf4 Rfe8 14. Re1 Rad8 15. Bg3 Ne5 16. Bxe5 Bxe5 17. Bf1 Bc7 18. Rxe8+ Rxe8 19. Qa4 Rd8 20. Re1 Kf8 21. Qh4 Kg8 22. Qe7 Qd6 23. Qxd6 Bxd6 24. Ng5 h6 25. Ne4 Be7 26. f3 Kf8 27. b3 f5 28. Ng3 g6 29. Rd1 Bf6 30. Ne2 Ba6 31. c4 g5 32. Ng3 Bc8 33. Re1 Kf7 34. Kh1 Kg6 35. Kg1 h5 36. Nh1 Bd4+ 37. Nf2 Kf6 38. g3 Bb7 39. Be2 g4 40. fxg4 hxg4 41. Bf1 Rh8 42. Re2 f4 43. Bg2 f3 0-1

[Event "Titled Tuesday intern op 14th Jan Early"]
[Site "Chess.com INT"]
[Date "2025.01.14"]
[Round "9"]
[White "Weishaeutel, Moritz"]
[Black "Mikhailovsky, Vladimir"]
[Result "1/2-1/2"]
[WhiteElo "2401"]
[BlackElo "2215"]
[PlyCount "66"]
[EventDate "2025.01.14"]
[EventType "swiss (blitz)"]
[EventRounds "11"]
[EventCountry "USA"]
[SourceTitle "CB04_2025"]
[SourceDate "2025.01.22"]
[SourceVersion "1"]
[SourceVersionDate "2025.01.22"]
[SourceQuality "1"]

1. e4 e5 2. d4 exd4 3. Qxd4 Nc6 4. Qe3 Nf6 5. e5 Nd5 6. Qe4 Nb6 7. Nf3 Be7 8. Nc3 d5 9. exd6 Qxd6 10. Nb5 Qd8 11. Bf4 0-0 12. Nxc7 Rb8 13. Bd3 g6 14. 0-0-0 Bf5 15. Qe2 Bd6 16. Bxd6 Qxd6 17. Nb5 Qc5 18. Bxf5 Qxf5 19. Nbd4 Nxd4 20. Rxd4 Rbc8 21. Kb1 Rfe8 22. Qd3 Qf6 23. b3 Na8 24. Rd1 Nc7 25. Rd6 Qf4 26. g3 Qb4 27. Qd4 Qa3 28. Qb2 Qc5 29. R6d2 b5 30. Qd4 Qa3 31. Qb2 Qc5 32. Qd4 Qa3 33. Qb2 Qc5 1/2-1/2

[Event "Titled Tuesday intern op 07th Jan Early"]
[Site "Chess.com INT"]
[Date "2025.01.07"]
[Round "1"]
[White "Fedorov, Artem Alek"]
[Black "Mikhailovsky, Vladimir"]
[Result "0-1"]
[WhiteElo "2236"]
[BlackElo "2215"]
[PlyCount "124"]
[EventDate "2025.01.07"]
[EventType "swiss (blitz)"]
[EventRounds "11"]
[EventCountry "USA"]
[SourceTitle "CB03_2025"]
[SourceDate "2025.01.15"]
[SourceVersion "1"]
[SourceVersionDate "2025.01.15"]
[SourceQuality "1"]

1. e4 c5 2. Nf3 e6 3. g3 d5 4. exd5 exd5 5. Bg2 Qe7+ 6. Kf1 Nf6 7. d4 Nc6 8. Bg5 h6 9. Be3 Bg4 10. Nc3 cxd4 11. Bxd4 0-0-0 12. h3 Bf5 13. g4 Bh7 14. Qd2 Ne4 15. Qf4 g5 16. Qe3 Rg8 17. Re1 a6 18. Bb6 Rd7 19. Nd4 Qb4 20. Nxc6 bxc6 21. a3 Qxb2 22. Nxe4 dxe4 23. f3 Bxa3 24. fxe4 Bb4 25. Re2 Re8 26. Kf2 Bd6 27. Bd4 Qb5 28. c4 Bc5 29. Rb1 Bxd4 30. cxb5 Bxe3+ 31. Kxe3 cxb5 32. Rc2+ Kb7 33. e5+ Ka7 34. Rc5 f6 35. Ra1 Rxe5+ 36. Rxe5 fxe5 37. Be4 Bxe4 38. Kxe4 Rb7 39. Kxe5 b4 40. Rb1 a5 41. Kd4 a4 42. Kc4 a3 43. Kb3 Ka6 44. Rf1 Ka5 45. Rf5+ Rb5 46. Rf8 Re5 47. Rf5 Rb5 48. Rf8 Kb6 49. Rf6+ Kc5 50. Rf5+ Kc6 51. Rf6+ Kc7 52. Rf7+ Kd6 53. Rf6+ Ke7 54. Rxh6 Ra5 55. Rh7+ Kf6 56. Rh6+ Ke5 57. Ka2 b3+ 58. Ka1 b2+ 59. Ka2 Rb5 60. Kb1 a2+ 61. Kxa2 b1Q+ 62. Ka3 Qb3# 0-1

[Event "Titled Tuesday intern op 07th Jan Early"]
[Site "Chess.com INT"]
[Date "2025.01.07"]
[Round "6"]
[White "Mikhailovsky, Vladimir"]
[Black "Bressy, Theo"]
[Result "1-0"]
[WhiteElo "2215"]
[BlackElo "2188"]
[PlyCount "103"]
[EventDate "2025.01.07"]
[EventType "swiss (blitz)"]
[EventRounds "11"]
[EventCountry "USA"]
[SourceTitle "CB03_2025"]
[SourceDate "2025.01.15"]
[SourceVersion "1"]
[SourceVersionDate "2025.01.15"]
[SourceQuality "1"]

1. e4 e6 2. d4 d5 3. Nc3 Nf6 4. Bg5 Be7 5. e5 Nfd7 6. h4 h6 7. Bxe7 Qxe7 8. Nh3 0-0 9. Nf4 c5 10. dxc5 Nxe5 11. b4 a5 12. a3 axb4 13. axb4 Rxa1 14. Qxa1 Nbc6 15. Qb2 Qf6 16. Nd3 Nc4 17. Qa1 Nd4 18. Qd1 Nf3+ 19. gxf3 Qxc3+ 20. Ke2 e5 21. Bh3 e4 22. Bxc8 Rxc8 23. fxe4 dxe4 24. Ne1 Qxb4 25. Qd4 Qb5 26. Kf1 Ne3+ 27. Kg1 Qf1+ 28. Kh2 Qxf2+ 29. Kh3 Qf5+ 30. Kg3 Nf1+ 31. Kg2 Rxc5 32. Rxf1 Qd5 33. Qxd5 Rxd5 34. Rf2 e3 35. Re2 Rd4 36. Rxe3 Rxh4 37. Rb3 Rc4 38. Rxb7 g5 39. Kf2 Kg7 40. Ke3 Kg6 41. Kd3 Rc8 42. c4 h5 43. Nf3 g4 44. Rb6+ Kf5 45. Nd4+ Kf4 46. Rf6+ Kg3 47. Rxf7 h4 48. Nf5+ Kh3 49. Rh7 Rd8+ 50. Kc3 g3 51. Rxh4+ Kg2 52. Rg4 1-0